[Event "The Blackthorne Irish Championship 2019"]
[Site "Talbot Stillorgan Hotel, Dublin, Ireland"]
[Date "2019.08.07"]
[Round "5"]
[Board "9"]
[White "Melaugh, Shane"]
[Black "Quinn, Mark"]
[Result "0-1"]
[WhiteElo "2077"]
[BlackElo "2383"]
[PlyCount "0"]
[EventDate "2019.08.03"]
[EventRounds "9"]
[EventCountry "IRL"]

1. c4 {[%clk 01:45:58]} {[%emt 00:00:01]} Nc6 {[%clk 01:17:26]} {[%emt
00:28:26]} 2. Nc3 {[%clk 01:41:16]} {[%emt 00:05:20]} Nf6 {[%clk 01:15:45]}
{[%emt 00:02:11]} 3. e4 {[%clk 01:40:15]} {[%emt 00:01:31]} g6 {[%clk
01:14:23]} {[%emt 00:01:51]} 4. d4 {[%clk 01:39:28]} {[%emt 00:01:17]} d6
{[%clk 01:13:37]} {[%emt 00:01:17]} 5. d5 {[%clk 01:39:17]} {[%emt 00:00:41]}
Nb8 {[%clk 01:13:22]} {[%emt 00:00:45]} 6. Be2 {[%clk 01:36:23]} {[%emt
00:03:23]} Bg7 {[%clk 01:12:19]} {[%emt 00:01:34]} 7. Be3 {[%clk 01:36:10]}
{[%emt 00:00:43]} c6 {[%clk 01:12:06]} {[%emt 00:00:43]} 8. Qd2 {[%clk
01:31:36]} {[%emt 00:05:03]} h5 {[%clk 01:12:06]} {[%emt 00:00:31]} 9. f4
{[%clk 01:28:09]} {[%emt 00:03:57]} Ng4 {[%clk 01:07:02]} {[%emt 00:05:34]} 10.
Bd4 {[%clk 01:28:12]} {[%emt 00:00:27]} Bxd4 {[%clk 01:07:25]} {[%emt
00:00:07]} 11. Qxd4 {[%clk 01:28:38]} {[%emt 00:00:04]} O-O {[%clk 01:07:49]}
{[%emt 00:00:06]} 12. Nf3 {[%clk 01:26:17]} {[%emt 00:02:51]} Qb6 {[%clk
01:03:40]} {[%emt 00:04:39]} 13. Qxb6 {[%clk 01:25:46]} {[%emt 00:01:01]} axb6
{[%clk 01:03:59]} {[%emt 00:00:11]} 14. h3 {[%clk 01:24:32]} {[%emt 00:01:44]}
Nh6 {[%clk 01:03:35]} {[%emt 00:00:53]} 15. O-O-O {[%clk 01:23:08]} {[%emt
00:01:55]} Na6 {[%clk 01:03:27]} {[%emt 00:00:38]} 16. Nd4 {[%clk 01:23:14]}
{[%emt 00:00:24]} Bd7 {[%clk 01:02:38]} {[%emt 00:01:18]} 17. Rhg1 {[%clk
01:23:28]} {[%emt 00:00:16]} Nc7 {[%clk 00:55:46]} {[%emt 00:07:23]} 18. g4
{[%clk 01:23:33]} {[%emt 00:00:25]} hxg4 {[%clk 00:56:06]} {[%emt 00:00:10]} 19.
hxg4 {[%clk 01:23:59]} {[%emt 00:00:04]} Kg7 {[%clk 00:49:40]} {[%emt
00:06:56]} 20. g5 {[%clk 01:21:18]} {[%emt 00:03:10]} Ng8 {[%clk 00:50:05]}
{[%emt 00:00:05]} 21. e5 {[%clk 01:13:43]} {[%emt 00:08:05]} dxe5 {[%clk
00:43:33]} {[%emt 00:07:03]} 22. fxe5 {[%clk 01:13:51]} {[%emt 00:00:22]} b5
{[%clk 00:37:59]} {[%emt 00:06:04]} 23. dxc6 {[%clk 01:08:06]} {[%emt
00:06:14]} bxc6 {[%clk 00:35:36]} {[%emt 00:02:54]} 24. Ndxb5 {[%clk 01:08:16]}
{[%emt 00:00:21]} cxb5 {[%clk 00:32:15]} {[%emt 00:03:51]} 25. Rxd7 {[%clk
01:08:39]} {[%emt 00:00:06]} b4 {[%clk 00:32:07]} {[%emt 00:00:38]} 26. Nb1
{[%clk 00:59:50]} {[%emt 00:09:19]} Rfc8 {[%clk 00:31:44]} {[%emt 00:00:53]} 27.
a3 {[%clk 00:58:59]} {[%emt 00:01:20]} bxa3 {[%clk 00:31:45]} {[%emt 00:00:29]}
28. Nxa3 {[%clk 00:59:24]} {[%emt 00:00:05]} Ra5 {[%clk 00:32:01]} {[%emt
00:00:14]} 29. Bf3 {[%clk 00:56:18]} {[%emt 00:03:35]} Ne6 {[%clk 00:31:58]}
{[%emt 00:00:34]} 30. Rd5 {[%clk 00:53:35]} {[%emt 00:03:13]} Rxc4+ {[%clk
00:30:14]} {[%emt 00:02:14]} 31. Nxc4 {[%clk 00:49:37]} {[%emt 00:04:29]} Ra1+
{[%clk 00:30:30]} {[%emt 00:00:14]} 32. Kc2 {[%clk 00:50:01]} {[%emt 00:00:06]}
Rxg1 {[%clk 00:30:55]} {[%emt 00:00:04]} 33. b4 {[%clk 00:50:13]} {[%emt
00:00:18]} Nxg5 {[%clk 00:31:16]} {[%emt 00:00:09]} 34. b5 {[%clk 00:49:24]}
{[%emt 00:01:19]} Nxf3 {[%clk 00:30:05]} {[%emt 00:01:41]} 35. b6 {[%clk
00:49:50]} {[%emt 00:00:04]} e6 {[%clk 00:30:23]} {[%emt 00:00:12]} 36. Rd7
{[%clk 00:49:37]} {[%emt 00:00:43]} Rg4 {[%clk 00:29:28]} {[%emt 00:01:25]} 37.
b7 {[%clk 00:44:29]} {[%emt 00:05:38]} Rxc4+ {[%clk 00:29:41]} {[%emt
00:00:17]} 38. Kb3 {[%clk 00:44:53]} {[%emt 00:00:06]} Rd4 {[%clk 00:26:59]}
{[%emt 00:03:12]} 39. Rc7 {[%clk 00:42:51]} {[%emt 00:02:32]} Rd1 {[%clk
00:25:35]} {[%emt 00:01:55]} 40. Kc2 {[%clk 00:42:39]} {[%emt 00:00:41]} Rd8
{[%clk 00:25:20]} {[%emt 00:00:45]} 41. Rc8 {[%clk 00:43:00]} {[%emt 00:00:10]}
Rxc8+ {[%clk 00:25:28]} {[%emt 00:00:21]} 42. bxc8=Q {[%clk 00:43:22]} {[%emt
00:00:07]} Nxe5 {[%clk 00:25:47]} {[%emt 00:00:12]} 43. Qc3 {[%clk 00:41:23]}
{[%emt 00:02:30]} f6 {[%clk 00:25:36]} {[%emt 00:00:41]} 44. Qc7+ {[%clk
00:39:56]} {[%emt 00:01:56]} Nf7 {[%clk 00:25:50]} {[%emt 00:00:15]} 45. Kd3
{[%clk 00:40:00]} {[%emt 00:00:25]} f5 {[%clk 00:25:35]} {[%emt 00:00:46]} 46.
Qc8 {[%clk 00:39:54]} {[%emt 00:00:37]} e5 {[%clk 00:25:48]} {[%emt 00:00:16]}
47. Qe6 {[%clk 00:40:19]} {[%emt 00:00:05]} Nf6 {[%clk 00:25:28]} {[%emt
00:00:50]} 48. Ke3 {[%clk 00:38:40]} {[%emt 00:02:09]} f4+ {[%clk 00:24:45]}
{[%emt 00:01:13]} 49. Kf3 {[%clk 00:38:22]} {[%emt 00:00:48]}  0-1

[Event "The Blackthorne Irish Championship 2019"]
[Site "Talbot Stillorgan Hotel, Dublin, Ireland"]
[Date "2019.08.07"]
[Round "5"]
[Board "12"]
[White "Wallace, Paul"]
[Black "O'Connell, Gerard"]
[Result "0-1"]
[WhiteElo "2171"]
[BlackElo "2106"]
[PlyCount "0"]
[EventDate "2019.08.03"]
[EventRounds "9"]
[EventCountry "IRL"]

1. e4 {[%clk 01:45:57]} {[%emt 00:00:03]} c5 {[%clk 01:45:52]} {[%emt
00:00:08]} 2. Nf3 {[%clk 01:46:22]} {[%emt 00:00:05]} d6 {[%clk 01:46:16]}
{[%emt 00:00:06]} 3. d4 {[%clk 01:46:48]} {[%emt 00:00:04]} cxd4 {[%emt
00:00:04]} 4. Nxd4 {[%emt 00:00:04]} Nf6 {[%clk 01:46:33]} {[%emt 00:00:04]} 5.
Nc3 {[%clk 01:47:12]} {[%emt 00:00:06]} g6 {[%clk 01:46:51]} {[%emt 00:00:10]}
6. Be3 {[%clk 01:47:36]} {[%emt 00:00:08]} Bg7 {[%clk 01:47:16]} {[%emt
00:00:06]} 7. f3 {[%clk 01:47:59]} {[%emt 00:00:06]} Nc6 {[%clk 01:47:37]}
{[%emt 00:00:09]} 8. Qd2 {[%clk 01:48:24]} {[%emt 00:00:05]} O-O {[%clk
01:47:55]} {[%emt 00:00:13]} 9. O-O-O {[%clk 01:48:48]} {[%emt 00:00:05]} Nxd4
{[%clk 01:47:05]} {[%emt 00:01:20]} 10. Bxd4 {[%clk 01:49:11]} {[%emt
00:00:07]} Be6 {[%clk 01:47:23]} {[%emt 00:00:12]} 11. Kb1 {[%clk 01:48:41]}
{[%emt 00:01:00]} a6 {[%clk 01:43:42]} {[%emt 00:04:12]} 12. h4 {[%clk
01:46:25]} {[%emt 00:02:46]} b5 {[%clk 01:43:48]} {[%emt 00:00:25]} 13. h5
{[%clk 01:45:45]} {[%emt 00:01:10]} Re8 {[%clk 01:35:52]} {[%emt 00:08:26]} 14.
hxg6 {[%clk 01:44:58]} {[%emt 00:01:16]} fxg6 {[%clk 01:31:01]} {[%emt
00:05:21]} 15. g4 {[%clk 01:33:07]} {[%emt 00:12:20]} Qa5 {[%clk 01:22:36]}
{[%emt 00:08:55]} 16. g5 {[%clk 01:18:50]} {[%emt 00:14:48]} b4 {[%clk
01:15:06]} {[%emt 00:08:01]} 17. Bh3 {[%clk 01:09:43]} {[%emt 00:09:36]} Bf7
{[%clk 01:06:09]} {[%emt 00:09:27]} 18. Bxf6 {[%clk 01:08:23]} {[%emt
00:01:50]} bxc3 {[%clk 01:04:57]} {[%emt 00:01:42]} 19. Qxc3 {[%clk 01:08:12]}
{[%emt 00:00:41]} Qxa2+ {[%clk 01:04:50]} {[%emt 00:00:37]}  0-1

[Event "The Blackthorne Irish Championship 2019"]
[Site "Talbot Stillorgan Hotel, Dublin, Ireland"]
[Date "2019.08.07"]
[Round "5"]
[Board "19"]
[White "Cafolla, Peter"]
[Black "Flynn, Jacob"]
[Result "0-1"]
[WhiteElo "1975"]
[BlackElo "1973"]
[PlyCount "0"]
[EventDate "2019.08.03"]
[EventRounds "9"]
[EventCountry "IRL"]

1. e4 {[%clk 01:45:59]} d6 {[%clk 01:45:55]} {[%emt 00:00:05]} 2. d4 {[%clk
01:46:10]} {[%emt 00:00:18]} Nf6 {[%clk 01:46:20]} {[%emt 00:00:05]} 3. Nc3
{[%clk 01:46:33]} {[%emt 00:00:08]} Nbd7 {[%clk 01:46:46]} {[%emt 00:00:04]} 4.
Nf3 {[%clk 01:45:20]} {[%emt 00:01:43]} e5 {[%clk 01:47:09]} {[%emt 00:00:05]}
5. Be2 {[%clk 01:44:19]} {[%emt 00:01:32]} Be7 {[%clk 01:47:05]} {[%emt
00:00:34]} 6. O-O {[%clk 01:44:41]} {[%emt 00:00:09]} c6 {[%clk 01:45:43]}
{[%emt 00:01:51]} 7. h3 {[%clk 01:44:53]} {[%emt 00:00:18]} Qc7 {[%clk
01:43:43]} {[%emt 00:02:30]} 8. Be3 {[%clk 01:43:21]} {[%emt 00:02:02]} h6
{[%clk 01:43:38]} {[%emt 00:00:35]} 9. a4 {[%clk 01:41:24]} {[%emt 00:02:28]}
Nf8 {[%clk 01:39:44]} {[%emt 00:04:23]} 10. Qd3 {[%clk 01:21:03]} {[%emt
00:20:52]} g5 {[%clk 01:37:17]} {[%emt 00:02:56]} 11. Nh2 {[%clk 01:16:03]}
{[%emt 00:05:31]} Ng6 {[%clk 01:27:13]} {[%emt 00:10:32]} 12. Rfe1 {[%clk
01:09:24]} {[%emt 00:07:10]} Rg8 {[%clk 01:18:36]} {[%emt 00:09:07]} 13. Ng4
{[%clk 01:07:13]} {[%emt 00:02:43]} Nxg4 {[%clk 01:04:00]} {[%emt 00:15:06]} 14.
Bxg4 {[%clk 01:07:20]} {[%emt 00:00:22]} Nf4 {[%clk 00:58:08]} {[%emt
00:06:21]} 15. Qc4 {[%clk 01:06:43]} {[%emt 00:01:07]} h5 {[%clk 00:46:58]}
{[%emt 00:11:39]} 16. Bf5 {[%clk 01:06:32]} {[%emt 00:00:42]} Be6 {[%clk
00:39:26]} {[%emt 00:08:02]} 17. Bxe6 {[%clk 00:55:42]} {[%emt 00:11:21]} Nxe6
{[%clk 00:39:54]} {[%emt 00:00:02]} 18. d5 {[%clk 00:53:27]} {[%emt 00:02:45]}
Nf4 {[%clk 00:37:32]} {[%emt 00:02:51]} 19. dxc6 {[%clk 00:45:08]} {[%emt
00:08:49]} bxc6 {[%clk 00:37:02]} {[%emt 00:00:59]} 20. Rad1 {[%clk 00:33:02]}
{[%emt 00:12:37]} Qb7 {[%clk 00:30:18]} {[%emt 00:07:14]} 21. b4 {[%clk
00:28:29]} {[%emt 00:05:04]} Rc8 {[%clk 00:26:09]} {[%emt 00:04:39]} 22. b5
{[%clk 00:27:28]} {[%emt 00:01:31]} d5 {[%clk 00:22:04]} {[%emt 00:04:35]} 23.
bxc6 {[%clk 00:23:57]} {[%emt 00:04:01]} Rxc6 {[%clk 00:22:14]} {[%emt
00:00:20]} 24. Qb5 {[%clk 00:24:14]} {[%emt 00:00:13]} Qxb5 {[%clk 00:20:56]}
{[%emt 00:01:48]} 25. Nxb5 {[%clk 00:24:37]} {[%emt 00:00:07]} d4 {[%clk
00:20:35]} {[%emt 00:00:51]} 26. Nxa7 {[%clk 00:18:28]} {[%emt 00:06:40]} Rxc2
{[%clk 00:18:19]} {[%emt 00:02:45]} 27. Bxf4 {[%clk 00:14:02]} {[%emt
00:04:56]} gxf4 {[%clk 00:18:47]} {[%emt 00:00:02]} 28. Rc1 {[%clk 00:13:52]}
{[%emt 00:00:40]} Rxc1 {[%clk 00:18:37]} {[%emt 00:00:41]} 29. Rxc1 {[%clk
00:14:17]} {[%emt 00:00:05]} Kd7 {[%clk 00:16:46]} {[%emt 00:02:21]} 30. Rc4
{[%clk 00:12:35]} {[%emt 00:02:11]} f3 {[%clk 00:10:20]} {[%emt 00:06:57]} 31.
g3 {[%clk 00:10:55]} {[%emt 00:02:10]} Bg5 {[%clk 00:10:03]} {[%emt 00:00:46]}
32. Nc6 {[%clk 00:10:49]} {[%emt 00:00:36]} Kd6 {[%clk 00:08:09]} {[%emt
00:02:24]} 33. Nb4 {[%clk 00:08:37]} {[%emt 00:02:43]} Ra8 {[%clk 00:07:25]}
{[%emt 00:01:14]} 34. Nc6 {[%clk 00:05:10]} {[%emt 00:03:57]} d3 {[%clk
00:06:50]} {[%emt 00:01:05]} 35. Nxe5 {[%clk 00:04:58]} {[%emt 00:00:42]} Kxe5
{[%clk 00:05:43]} {[%emt 00:01:37]}  0-1

[Event "The Blackthorne Irish Championship 2019"]
[Site "Talbot Stillorgan Hotel, Dublin, Ireland"]
[Date "2019.08.08"]
[Round "6"]
[Board "1"]
[White "Astaneh Lopez, Alex"]
[Black "Fitzsimons, David"]
[Result "1-0"]
[WhiteElo "2431"]
[BlackElo "2317"]
[PlyCount "0"]
[EventDate "2019.08.03"]
[EventRounds "9"]
[EventCountry "IRL"]

1. Nf3 {[%clk 01:41:35]} {[%emt 00:04:25]} g6 {[%clk 01:44:12]} {[%emt
00:01:48]} 2. e4 {[%clk 01:41:50]} {[%emt 00:00:15]} Bg7 {[%clk 01:44:23]}
{[%emt 00:00:19]} 3. d4 {[%clk 01:42:14]} {[%emt 00:00:06]} d6 {[%clk
01:44:48]} {[%emt 00:00:05]} 4. Bc4 {[%clk 01:42:32]} {[%emt 00:00:12]} Nc6
{[%clk 01:44:37]} {[%emt 00:00:42]} 5. O-O {[%clk 01:36:36]} {[%emt 00:06:25]}
Nf6 {[%clk 01:44:28]} {[%emt 00:00:40]} 6. Qe2 {[%clk 01:36:44]} {[%emt
00:00:21]} Bg4 {[%clk 01:43:56]} {[%emt 00:01:02]} 7. Rd1 {[%clk 01:35:00]}
{[%emt 00:02:13]} e5 {[%clk 01:43:48]} {[%emt 00:00:38]} 8. c3 {[%clk
01:31:39]} {[%emt 00:03:52]} O-O {[%clk 01:44:00]} {[%emt 00:00:18]} 9. h3
{[%clk 01:31:57]} {[%emt 00:00:11]} Bxf3 {[%clk 01:44:09]} {[%emt 00:00:22]} 10.
Qxf3 {[%clk 01:32:23]} {[%emt 00:00:04]} exd4 {[%clk 01:44:20]} {[%emt
00:00:20]} 11. cxd4 {[%clk 01:32:47]} {[%emt 00:00:06]} Nd7 {[%clk 01:44:43]}
{[%emt 00:00:06]} 12. Be3 {[%clk 01:33:07]} {[%emt 00:00:09]} Nb6 {[%clk
01:45:02]} {[%emt 00:00:12]} 13. Bb3 {[%clk 01:33:02]} {[%emt 00:00:35]} Na5
{[%clk 01:45:09]} {[%emt 00:00:23]} 14. Nc3 {[%clk 01:33:27]} {[%emt 00:00:05]}
Nxb3 {[%clk 01:45:28]} {[%emt 00:00:11]} 15. axb3 {[%clk 01:33:52]} {[%emt
00:00:05]} Qd7 {[%clk 01:45:08]} {[%emt 00:00:50]} 16. Bg5 {[%clk 01:08:19]}
{[%emt 00:26:03]} Qe6 {[%clk 01:31:34]} {[%emt 00:14:04]} 17. Nb5 {[%clk
00:54:48]} {[%emt 00:14:01]} Qd7 {[%clk 01:27:49]} {[%emt 00:04:15]} 18. Nc3
{[%clk 00:53:54]} {[%emt 00:01:24]} Qe6 {[%clk 01:26:57]} {[%emt 00:01:22]} 19.
Nd5 {[%clk 00:31:41]} {[%emt 00:22:42]} Nxd5 {[%clk 01:21:19]} {[%emt
00:06:09]} 20. exd5 {[%clk 00:32:07]} {[%emt 00:00:04]} Qf5 {[%clk 01:10:31]}
{[%emt 00:11:18]} 21. Qxf5 {[%clk 00:32:10]} {[%emt 00:00:26]} gxf5 {[%clk
01:10:56]} {[%emt 00:00:06]} 22. Rac1 {[%clk 00:26:49]} {[%emt 00:05:51]} Rac8
{[%clk 01:10:58]} {[%emt 00:00:28]} 23. Rc4 {[%clk 00:27:13]} {[%emt 00:00:06]}
c6 {[%clk 00:58:25]} {[%emt 00:13:04]} 24. Rdc1 {[%clk 00:23:46]} {[%emt
00:03:57]} Rfe8 {[%clk 00:54:50]} {[%emt 00:04:04]} 25. Be3 {[%clk 00:20:33]}
{[%emt 00:03:43]} Re4 {[%clk 00:44:37]} {[%emt 00:10:43]} 26. g3 {[%clk
00:17:36]} {[%emt 00:03:27]} Rb8 {[%clk 00:44:30]} {[%emt 00:00:37]} 27. Kg2
{[%clk 00:12:32]} {[%emt 00:05:34]} cxd5 {[%clk 00:44:08]} {[%emt 00:00:53]} 28.
Rc8+ {[%clk 00:12:49]} {[%emt 00:00:12]} Re8 {[%clk 00:44:33]} {[%emt
00:00:05]} 29. Rxe8+ {[%clk 00:13:12]} {[%emt 00:00:08]} Rxe8 {[%clk 00:44:58]}
{[%emt 00:00:05]} 30. Rc7 {[%clk 00:13:36]} {[%emt 00:00:05]} f4 {[%clk
00:43:44]} {[%emt 00:01:44]} 31. gxf4 {[%clk 00:13:59]} {[%emt 00:00:07]} f5
{[%clk 00:40:04]} {[%emt 00:04:10]} 32. Rxb7 {[%clk 00:12:55]} {[%emt
00:01:34]} Re4 {[%clk 00:40:30]} {[%emt 00:00:05]} 33. Rxa7 {[%clk 00:02:13]}
{[%emt 00:11:11]} Bxd4 {[%clk 00:40:35]} {[%emt 00:00:25]} 34. Bxd4 {[%clk
00:01:55]} {[%emt 00:00:48]} Rxd4 {[%clk 00:41:01]} {[%emt 00:00:04]} 35. Rd7
{[%clk 00:02:02]} {[%emt 00:00:23]} Rxf4 {[%clk 00:40:28]} {[%emt 00:01:04]} 36.
Rxd6 {[%clk 00:02:18]} {[%emt 00:00:14]} Rd4 {[%clk 00:39:42]} {[%emt
00:01:16]} 37. Rd7 {[%clk 00:01:33]} {[%emt 00:01:14]} Rd2 {[%clk 00:39:32]}
{[%emt 00:00:40]} 38. b4 {[%clk 00:01:48]} {[%emt 00:00:15]} d4 {[%clk
00:39:18]} {[%emt 00:00:44]} 39. Kg3 {[%clk 00:01:15]} {[%emt 00:01:03]} Kf8
{[%clk 00:35:04]} {[%emt 00:04:45]} 40. Rxh7 {[%clk 00:00:34]} {[%emt
00:01:10]} Rxb2 {[%clk 00:35:28]} {[%emt 00:00:06]} 41. Rb7 {[%clk 00:00:59]}
{[%emt 00:00:05]} d3 {[%clk 00:35:15]} {[%emt 00:00:43]} 42. Kf3 {[%clk
00:00:46]} {[%emt 00:00:42]} d2 {[%clk 00:35:12]} {[%emt 00:00:35]} 43. Ke2
{[%clk 00:01:09]} {[%emt 00:00:06]} d1=Q+ {[%clk 00:35:27]} {[%emt 00:00:16]}
44. Kxd1 {[%clk 00:01:35]} {[%emt 00:00:03]} Rxf2 {[%clk 00:35:49]} {[%emt
00:00:08]} 45. b5 {[%clk 00:01:45]} {[%emt 00:00:20]} f4 {[%clk 00:30:13]}
{[%emt 00:06:07]} 46. h4 {[%clk 00:16:03]} {[%emt 00:16:11]} f3 {[%clk
00:58:41]} {[%emt 00:02:03]} 47. Ke1 {[%clk 00:16:22]} {[%emt 00:00:10]} Re2+
{[%clk 00:58:24]} {[%emt 00:00:47]} 48. Kf1 {[%clk 00:16:48]} {[%emt 00:00:04]}
Re5 {[%clk 00:56:38]} {[%emt 00:02:16]} 49. Kf2 {[%clk 00:16:12]} {[%emt
00:01:06]} Rf5 {[%clk 00:57:03]} {[%emt 00:00:04]} 50. b6 {[%clk 00:15:37]}
{[%emt 00:01:06]} Rf6 {[%clk 00:57:13]} {[%emt 00:00:20]} 51. h5 {[%clk
00:14:48]} {[%emt 00:01:19]} Ke8 {[%clk 00:56:29]} {[%emt 00:01:15]} 52. Rb8+
{[%clk 00:12:58]} {[%emt 00:02:20]} Kd7 {[%clk 00:56:05]} {[%emt 00:00:54]} 53.
Rb7+ {[%clk 00:12:45]} {[%emt 00:00:42]} Ke8 {[%clk 00:54:58]} {[%emt
00:01:37]} 54. Rb8+ {[%clk 00:12:09]} {[%emt 00:01:05]} Kd7 {[%clk 00:55:23]}
{[%emt 00:00:05]} 55. Rh8 {[%clk 00:06:51]} {[%emt 00:05:48]} Kc6 {[%clk
00:55:44]} {[%emt 00:00:09]} 56. Rg8 {[%clk 00:05:20]} {[%emt 00:02:00]} Kb7
{[%clk 00:12:13]} {[%emt 00:44:02]} 57. Rg1 {[%clk 00:02:54]} {[%emt 00:02:56]}
Rf8 {[%clk 00:00:57]} {[%emt 00:11:46]} 58. h6 {[%clk 00:02:20]} {[%emt
00:01:03]} Kxb6 {[%clk 00:00:58]} {[%emt 00:00:30]} 59. h7 {[%clk 00:02:21]}
{[%emt 00:00:29]} Rh8 {[%clk 00:00:55]} {[%emt 00:00:34]} 60. Rh1 {[%emt
00:01:57]}  1-0

[Event "The Blackthorne Irish Championship 2019"]
[Site "Talbot Stillorgan Hotel, Dublin, Ireland"]
[Date "2019.08.08"]
[Round "6"]
[Board "2"]
[White "Moran, Stephen"]
[Black "O'Donnell, Conor"]
[Result "1/2-1/2"]
[WhiteElo "2186"]
[BlackElo "2311"]
[PlyCount "0"]
[EventDate "2019.08.03"]
[EventRounds "9"]
[EventCountry "IRL"]

1. d4 {[%clk 01:45:59]} {[%emt 00:00:01]} d5 {[%clk 01:45:48]} {[%emt
00:00:10]} 2. Bf4 {[%clk 01:46:24]} {[%emt 00:00:07]} c5 {[%clk 01:44:50]}
{[%emt 00:01:27]} 3. e3 {[%clk 01:46:27]} {[%emt 00:00:28]} Nc6 {[%clk
01:44:58]} {[%emt 00:00:21]} 4. c3 {[%clk 01:46:18]} {[%emt 00:00:40]} Nf6
{[%clk 01:44:51]} {[%emt 00:00:35]} 5. Nd2 {[%clk 01:45:52]} {[%emt 00:00:59]}
e6 {[%clk 01:43:46]} {[%emt 00:01:34]} 6. Ngf3 {[%clk 01:45:28]} {[%emt
00:00:55]} cxd4 {[%clk 01:43:13]} {[%emt 00:01:01]} 7. exd4 {[%clk 01:44:10]}
{[%emt 00:01:50]} Nh5 {[%clk 01:42:56]} {[%emt 00:00:45]} 8. Be3 {[%clk
01:42:33]} {[%emt 00:02:09]} Bd6 {[%clk 01:41:58]} {[%emt 00:01:26]} 9. Ne5
{[%clk 01:41:50]} {[%emt 00:01:15]} g6 {[%clk 01:41:43]} {[%emt 00:00:44]} 10.
Nd3 {[%clk 01:40:24]} {[%emt 00:01:58]} Ng7 {[%clk 01:41:08]} {[%emt 00:01:04]}
11. g3 {[%clk 01:36:37]} {[%emt 00:04:18]} b6 {[%clk 01:40:17]} {[%emt
00:01:20]} 12. Bf4 {[%clk 01:05:41]} {[%emt 00:31:27]} Nf5 {[%clk 01:37:29]}
{[%emt 00:03:17]} 13. Bg2 {[%clk 01:03:11]} {[%emt 00:03:01]} O-O {[%clk
01:31:51]} {[%emt 00:06:05]} 14. Bxd6 {[%clk 00:58:59]} {[%emt 00:04:45]} Qxd6
{[%clk 01:25:48]} {[%emt 00:06:31]} 15. O-O {[%clk 00:58:38]} {[%emt 00:00:52]}
Ba6 {[%clk 01:21:33]} {[%emt 00:04:44]} 16. Nf3 {[%clk 00:57:14]} {[%emt
00:01:55]} Rad8 {[%clk 01:16:29]} {[%emt 00:05:34]} 17. Re1 {[%clk 00:56:51]}
{[%emt 00:00:54]} f6 {[%clk 01:15:30]} {[%emt 00:01:26]} 18. Bh3 {[%clk
00:34:02]} {[%emt 00:23:22]} Ng7 {[%clk 01:13:54]} {[%emt 00:02:05]} 19. a3
{[%clk 00:32:32]} {[%emt 00:02:01]} Bxd3 {[%clk 01:05:18]} {[%emt 00:09:06]} 20.
Qxd3 {[%clk 00:32:57]} {[%emt 00:00:05]} e5 {[%clk 01:05:26]} {[%emt 00:00:20]}
21. Qd2 {[%clk 00:22:16]} {[%emt 00:11:13]} e4 {[%clk 01:00:49]} {[%emt
00:05:06]} 22. Nh4 {[%clk 00:22:35]} {[%emt 00:00:11]} Na5 {[%clk 00:57:28]}
{[%emt 00:03:52]} 23. Rad1 {[%clk 00:22:30]} {[%emt 00:00:35]} f5 {[%clk
00:55:19]} {[%emt 00:02:38]} 24. f4 {[%clk 00:20:56]} {[%emt 00:02:05]} exf3
{[%clk 00:54:42]} {[%emt 00:01:06]} 25. Nxf3 {[%clk 00:21:03]} {[%emt
00:00:23]} Nc4 {[%clk 00:51:48]} {[%emt 00:03:24]} 26. Qh6 {[%clk 00:12:07]}
{[%emt 00:09:27]} Nh5 {[%clk 00:44:06]} {[%emt 00:08:11]} 27. b3 {[%clk
00:10:24]} {[%emt 00:02:14]} Nxa3 {[%clk 00:42:15]} {[%emt 00:02:21]} 28. Ng5
{[%clk 00:10:26]} {[%emt 00:00:28]} Rd7 {[%clk 00:31:23]} {[%emt 00:11:22]} 29.
Re6 {[%clk 00:09:54]} {[%emt 00:01:02]} Qc7 {[%clk 00:27:57]} {[%emt 00:03:57]}
30. Rxg6+ {[%clk 00:07:36]} {[%emt 00:02:48]} hxg6 {[%clk 00:28:16]} {[%emt
00:00:10]} 31. Qxg6+ {[%clk 00:08:01]} {[%emt 00:00:06]} Rg7 {[%clk 00:28:15]}
{[%emt 00:00:29]} 32. Qe6+ {[%clk 00:08:22]} {[%emt 00:00:11]} Rff7 {[%clk
00:23:10]} {[%emt 00:05:34]} 33. Qe8+ {[%clk 00:08:42]} {[%emt 00:00:10]} Rf8
{[%clk 00:23:32]} {[%emt 00:00:08]} 34. Qe6+ {[%clk 00:09:08]} {[%emt
00:00:05]} Rff7 {[%clk 00:23:55]} {[%emt 00:00:06]} 35. Qe8+ {[%clk 00:09:33]}
{[%emt 00:00:05]} Rf8 {[%clk 00:24:14]} {[%emt 00:00:12]} 36. Qe6+ {[%clk
00:09:57]} {[%emt 00:00:05]}  1/2-1/2